Estatísticas para Moçambique paises que fazem fronteira

Clique aqui para jogar o quiz

Estatísticas Gerais

  • Esse quiz foi jogado 92 vezes
    (91 desde o último reset)
  • A pontuação média é 4 de 6

Estatísticas das Respostas

KmPaís% Correto
491África do Sul
96%
756Tanzânia
91%
419Zâmbia
87%
1.569Malawi
73%
1.231Zimbabwe
46%
105Swazilândia
15%

Distribuição das Pontuações

Percentil de Números Respondidos

Porcentagem de Pessoas com Cada Pontuação

Sua Pontuação Histórica

Você não jogou esse quiz desde o último reset